Varahamihira's Brhat Samhita Part-II (Record no. 1433138)
[ view plain ]
| 000 -LEADER | |
|---|---|
| fixed length control field | 00514nam a22001697a 4500 |
| 003 - CONTROL NUMBER IDENTIFIER | |
| control field | OSt |
| 005 - DATE AND TIME OF LATEST TRANSACTION | |
| control field | 20250701120539.0 |
| 008 - FIXED-LENGTH DATA ELEMENTS--GENERAL INFORMATION | |
| fixed length control field | 250701b |||||||| |||| 00| 0 eng d |
| 020 ## - INTERNATIONAL STANDARD BOOK NUMBER | |
| International Standard Book Number | 9788120803015 |
| 040 ## - CATALOGING SOURCE | |
| Transcribing agency | rda |
| 100 ## - MAIN ENTRY--PERSONAL NAME | |
| Personal name | Bhat, M. Ramakrishna., |
| Relator term | author |
| 245 ## - TITLE STATEMENT | |
| Title | Varahamihira's Brhat Samhita Part-II |
| Statement of responsibility, etc. | by M. Ramakrishna Bhat |
| 260 ## - PUBLICATION, DISTRIBUTION, ETC. | |
| Place of publication, distribution, etc. | New Delhi: |
| Name of publisher, distributor, etc. | Motilal banarsidass, |
| Date of publication, distribution, etc. | 1987. |
| 300 ## - PHYSICAL DESCRIPTION | |
| Extent | viii,1106p. |
| 650 ## - SUBJECT ADDED ENTRY--TOPICAL TERM | |
| Source of heading or term | Brhat Samhita |
| 942 ## - ADDED ENTRY ELEMENTS (KOHA) | |
| Source of classification or shelving scheme | Colon Classification (CC) |
| Koha item type | General Books |
| Edition | 1 |
| Classification part | Delta:864XD55,1 P3 |
| Suppress in OPAC | No |
| Withdrawn status | Lost status | Source of classification or shelving scheme | Damaged status | Not for loan | Home library | Current library | Shelving location | Date acquired | Cost, normal purchase price | Total Checkouts | Full call number | Barcode | Date last seen | Price effective from | Koha item type |
|---|---|---|---|---|---|---|---|---|---|---|---|---|---|---|---|
| Colon Classification (CC) | Faculty of Management Library | Faculty of Management Library | General Stacks | 2020-08-25 | 895.00 | Delta:864XD55,1 P3 | ML1635612 | 2025-07-01 | 2025-07-01 | General Books |
